000 00865nam a22002177a 4500
999 _c6652
_d6652
003 AR-CdUCM
008 190318b ||||| |||| 00| 0 spa d
040 _aMUNICIPALIDAD PROVINCIAL DEL CUSCO
_cBIBLIOTECA MUNICIPAL DEL CUSCO
082 _a973 /
_bB54
100 _aBertolini, Francisco
_918711
245 _aHistoria de Roma /
260 _aMexico :
_bEdinal,
_c1966.
300 _a2 tomos ;
_c23 cm.
440 _aObras famosas Ilustradas
_918712
505 _aContenido :t.1 :Pueblos primitivos de Italia , Orígenes romanos, Roma regia, Roma consular, Roma conquistadora de Italia ...--T.2:La crisis de fines del siglo II,Movimientos revolucionarios y reacción del 80 y 70,Ultimo despertar del movimiento revolucionario ...
650 _aHistoria
_9246
650 _aRoma
_92474
650 _aEdad antigua
_918713
942 _2ddc
_cLIBROS
945 _arjall